Minecraft : Toutes les nourritures - Statistiques

Statistiques générales
  • Ce quiz a été pris 1 693 fois
  • Le résultat moyen est 15 sur 40
Statistiques - réponses
Nourritures / Foods % Correct
Carrot / Carotte
92%
Apple / Pomme
82%
Bread / Pain
76%
Potato / Pomme de terre
76%
Steak
72%
Cake / Gâteau
67%
Golden Apple / Pomme dorée
57%
Golden Carrot / Carotte dorée
54%
Beetroot / Betterave
53%
Melon Slice / Tranche de pastèque
53%
Cookie
40%
Pumpkin Pie / Tarte à la citrouille
38%
Baked Potato / Pomme de terre cuite
36%
Cooked Mutton / Mouton cuit
35%
Raw Chicken / Poulet cru
35%
Cooked Salmon / Saumon cuit
34%
Rotten Flesh / Chair putréfiée
34%
Cooked Chicken / Poulet rôti
33%
Mushroom Stew / Soupe de champignons
31%
Raw Mutton / Mouton cru
31%
Spider Eye / Oeil d'araignée
30%
Raw Salmon / Saumon cru
29%
Cooked Rabbit / Lapin cuit
28%
Cooked Cod / Morue cuite
27%
Enchanted Golden Apple / Pomme dorée enchantée
27%
Rabbit Stew / Ragoût de lapin
27%
Raw Beef / Boeuf cru
27%
Pufferfish / Poisson-globe
26%
Raw Rabbit / Lapin cru
26%
Chorus Fruit / Chorus
25%
Poisonous Potato / Pomme de terre empoisonnée
24%
Cooked Porkchop / Côtelette de porc cuite
23%
Raw Cod / Morue crue
23%
Raw Porkchop / Côtelette de porc crue
22%
Suspicious Stew / Soupe suspecte
20%
Beetroot Soup / Soupe de betteraves
19%
Tropical Fish / Poisson tropical
19%
Dried Kelp / Algue séchée
16%
Sweet Berries / Baies sucrées
14%
Glow Berries / Baies lumineuses
11%
Aucun quiz correspondant
Distribution des résultats
% des personnes avec chaque résultat
Percentile par nombre de réponses
Votre historique - résultats
Vous n’avez pas pris ce quiz